Geography Quiz

Random Geography or City Quiz

US Cities' Largest Employers Quiz Stats

 Plays Quiz not verified by Sporcle

Challenge
Share
Tweet
Embed
Score 0/20 Timer 08:00
0 Plays Today
City Employer % Correct
ColumbusOhio State University
63.2%
CharlotteBank of America
55.8%
AustinUniversity of Texas
55%
MesaBoeing Co
48.4%
San Diego32nd Street Naval Station
38%
CincinnatiProcter & Gamble Co.
36.4%
Fort WorthLockheed Martin Corporation
34.5%
Washington, DCWorld Bank
30.2%
New YorkMetLife
26.7%
BostonMassachusetts General Hospital
21.3%
City Employer % Correct
NewarkContinental Airlines
20.9%
Las VegasHarrah's Entertainment Inc
20.2%
San JoseCisco Systems Inc.
19%
Los AngelesUCLA Health System
18.2%
ChicagoChase
17.1%
OmahaOmaha Public Schools
11.2%
BaltimoreNorthrop Grumman Electric Services
9.7%
PhiladelphiaPhiladelphia International Airport
7.8%
ClevelandUS Post Office
6.2%
Kansas CityPennzoil Quakerstate Co
5.4%

You're not logged in!

Compare scores with friends on all Sporcle quizzes.
Join for Free
OR
Log In

You Might Also Like...

Show Comments

Extras

Top Quizzes Today


Score Distribution

Your Account Isn't Verified!

In order to create a playlist on Sporcle, you need to verify the email address you used during registration. Go to your Sporcle Settings to finish the process.

Report this User

Report this user for behavior that violates our Community Guidelines.

Details: